Biblioteca

El extranjero / Albert Camus ; Bonifacio del Carril, Traductor (Registro nro. 40682)

Detalles MARC
000 -LÍDER
Campo fijo de descripción fija 003660000a22001450004500
041 0# - CÓDIGO DE IDIOMA
Código de idioma para texto/pista de sonido o título separado
082 04 - NÚMERO DE CLASIFICACIÓN DECIMAL DEWEY
Número de clasificación G 843 C211f
001 - NÚMERO DE CONTROL
Campo de control 11350
100 1# - ASIENTO PRINCIPAL--NOMBRE PERSONAL
Nombre personal Camus, Albert (1913-1960)
245 10 - TÍTULO
Título del Material El extranjero / Albert Camus ; Bonifacio del Carril, Traductor
260 ## - PUBLICACIÓN, DISTRIBUCIÓN, ETC. (PIE DE IMPRENTA)
Lugar de publicación, distribución, etc. [S.L] : Oveja Negra
300 ## - DESCRIPCIÓN FÍSICA
Extensión 156 Pag
500 ## - NOTA GENERAL
Nota General Titulo original : L'etranger
942 ## - TIPO DE MATERIAL (KOHA)
Tipo de Item KOHA Libros General
Existencias
Estado de Material Estado de Perdido Estado de Dañado No para Préstamo Colección Tomo Biblioteca de Origen Biblioteca Permanente Fecha de Adquisición Total de Préstamos Total de Renovaciones Signatura Topográfica Código de Barras Última vez visto Última vez Préstado Ejemplar/Existencia Fecha de Remplazo Tipo de Material
        Colección General   Biblioteca FUSBC Biblioteca FUSBC 27/01/2005 4 3 G 843 C211f 11269 24/04/2025 02/04/2025 1 26/01/2016 Libros General

Biblioteca FUSBC | Teléfono: (57+4) 349 88 10 Ext. 141| WhatsApp (+57) 3005338115 
E-mail: biblioteca@unisbc.edu.co | Calle 76 87-14 Robledo Palenque, Medellín, Colombia

Con tecnología Koha